Statistiken für Top 30 Spieler aus Fifa 22

Klicken Sie hier um das Quiz zu spielen!

Allgemein

  • Dieses Quiz wurde 2.485 mal gespielt
    (2.264 seit der letzten Aktualisierung)
  • Das Durchschnittsergebnis liegt bei 18 aus 30

Antwortstatistiken

RankBewertungSpieler% Korrekt
193Lionel Messi
100%
391Cristiano Ronaldo
99%
391Kylian Mbappé
94%
890Manuel Neuer
90%
292Robert Lewandowski
88%
391Neymar Jr
86%
391Kevin De Bruyne
77%
2388Erling Haaland
73%
1289Karim Benzema
70%
1289Joshua Kimmich
68%
1289Mohamed Salah
65%
1289Virgil van Dijk
62%
1289Sadio Mané
61%
2388Toni Kroos
60%
1289Alisson
59%
1289Ederson
58%
391Jan Oblak
58%
890ter Stegen
55%
890Harry Kane
54%
1289Thibaut Courtois
49%
2388Sergio Ramos
47%
890N'Golo Kanté
45%
1289Casemiro
39%
1289Gianluigi Donnarumma
39%
1289Heung Min Son
38%
2388Romelu Lukaku
32%
2388Luis Suárez
27%
2388Raheem Sterling
27%
2388Bruno Fernandes
25%
2388Keylor Navas
24%

Verteilung der Resultate

Perzentil nach korrekt beantworteten Fragen

Anzahl Personen mit jedem Resultat

Ihre Resultats-Entwicklung

Sie haben dieses Quiz seit der letzten Aktualisierung nicht gespielt